| 000 | 00890cam a2200253 a 4500 | ||
|---|---|---|---|
| 001 | 000019595 | ||
| 005 | 20200929170053.0 | ||
| 008 | 761214s1958 sp 001 f spa d | ||
| 040 |
_aDO-SdBNP _cTXI _dEQO _dBNPHU |
||
| 082 |
_a863.6 _bP153a |
||
| 100 | 1 |
_aPalacio Valdés, Armando, _d1853-1938. _941846 |
|
| 245 | 1 | 0 |
_aAños de juventud del doctor Angélico / _cArmando Palacio Valdés. |
| 250 | _a2a ed. | ||
| 260 |
_aMadrid, (España) : _bEditorial Espasa-Calpe, _c1958. |
||
| 300 |
_a226, [227-240] p. ; _c18 cm. |
||
| 490 | 1 |
_aAustral. Azul : novelas y cuentos en general _v588 |
|
| 500 | _aIncluye índice de autores | ||
| 650 | 4 |
_aNovela española _91123 |
|
| 650 | 4 |
_aLiteratura española _9632 |
|
| 650 | 4 |
_aNovela social española _942022 |
|
| 830 | 0 |
_aAustral. _pAzul : novelas y cuentos en general ; _v588 _922386 |
|
| 910 | _aCatalogación derivada /Oxford | ||
| 049 | _aBNGR | ||
| 999 |
_c19111 _d19111 |
||